| 000 | 00483nam a22001817a 4500 | ||
|---|---|---|---|
| 003 | KOHA_MİRAKIL | ||
| 005 | 20251218110740.0 | ||
| 008 | 251218b tu ||||| |||| 00| 0 tur d | ||
| 020 | _a9786056829796 | ||
| 040 |
_aTR-AnABB _btur _cTR-AnABB |
||
| 041 | _atur | ||
| 082 |
_a770.232 _bNUS 2023 |
||
| 245 | 1 | 0 | _aFotoğrafçılar dizisi / |
| 260 |
_aİstanbul : _bEczacıbaşı Vakfı, _c2023 |
||
| 300 |
_a207 sayfa ; _c28 cm |
||
| 650 | 0 | 4 | _aFotoğrafçılık |
| 942 |
_2ddc _cBK |
||
| 999 |
_c9767 _d9767 |
||
| 900 | _bGizem YORULMAZ | ||